[Event "Sherbrooke-opA"]
[Site "Sherbrooke"]
[Date "2005.05.28"]
[Round "4"]
[White "Hebert, Jean"]
[Black "Lopez, Jose"]
[Result "1-0"]
[WhiteElo "2404"]
[BlackElo "1749"]
[PlyCount "64"]
[EventDate "2005.05.27"]
[EventType "swiss"]
[EventRounds "5"]
[EventCountry "CAN"]
[SourceTitle "CBM 106 Extra"]
[Source "ChessBase"]
[SourceDate "2005.07.01"]
[SourceVersion "1"]
[SourceVersionDate "2005.07.01"]
[SourceQuality "1"]

1. d4 d5 2. c4 e6 3. Nc3 Nf6 4. Bg5 c6 5. e3 Nbd7 6. cxd5 exd5 7. Bd3 Be7 8. Qc2 0-0 9. Nf3 g6 10. h3 Ne8 11. Bh6 Ng7 12. 0-0-0 Re8 13. g4 b5 14. e4 b4 15. Ne2 c5 16. exd5 Bb7 17. Nf4 Rc8 18. Kb1 cxd4 19. Qd2 Nb6 20. Bb5 Nc4 21. Qd3 Nxb2 22. Kxb2 Rc3 23. Qe4 Qa5 24. Qxd4 Qa3+ 25. Kb1 Bf8 26. Bxe8 Nf5 27. Qf6 Nxh6 28. Ng5 Rc7 29. Rd3 Qa5 30. Bc6 Bxc6 31. dxc6 b3 32. Rxb3 Rxc6 1-0

[Event "Sherbrooke Perpetuelles 7-12"]
[Site "Sherbrooke"]
[Date "2004.11.19"]
[Round "3"]
[White "Lopez, Jose"]
[Black "Mercier, Andre"]
[Result "0-1"]
[WhiteElo "1794"]
[BlackElo "1780"]
[PlyCount "59"]
[EventDate "2004.??.??"]
[EventType "swiss"]
[EventRounds "6"]
[EventCountry "CAN"]
[SourceTitle "EXT 2006"]
[Source "ChessBase"]
[SourceDate "2005.11.24"]
[SourceVersion "1"]
[SourceVersionDate "2005.11.24"]
[SourceQuality "1"]

1. e4 e5 2. d4 exd4 3. Qxd4 d6 4. Nc3 Nc6 5. Bb5 a6 6. Bxc6+ bxc6 7. Nf3 c5 8. Qd3 g6 9. 0-0 Bg7 10. Ng5 h6 11. Qd5 hxg5 12. Qxa8 Be5 13. f4 Bd4+ 14. Kh1 g4 15. g3 Nf6 16. Re1 Kd7 17. Re2 Nh5 18. Be3 Nxg3+ 19. Kg2 Nxe2 20. Bxd4 Nxd4 21. Qd5 Ke8 22. Rh1 Be6 23. Qb7 Qc8 24. Qxc8+ Bxc8 25. Nd5 Nxc2 26. Nxc7+ Kd7 27. Nd5 Bb7 28. Nc3 Ne3+ 29. Kg3 Rh3+ 30. Kf2 0-1

[Event "Sherbrooke Perpetuelles 1-6"]
[Site "Sherbrooke"]
[Date "2004.09.24"]
[Round "3"]
[White "Mercier, Andre"]
[Black "Lopez, Jose"]
[Result "1-0"]
[WhiteElo "1742"]
[BlackElo "1802"]
[PlyCount "105"]
[EventDate "2004.??.??"]
[EventType "swiss"]
[EventRounds "6"]
[EventCountry "CAN"]
[SourceTitle "EXT 2006"]
[Source "ChessBase"]
[SourceDate "2005.11.24"]
[SourceVersion "1"]
[SourceVersionDate "2005.11.24"]
[SourceQuality "1"]

1. e4 d5 2. exd5 Qxd5 3. Nc3 Qa5 4. d4 Nf6 5. Bd3 Bg4 6. f3 Bh5 7. Nge2 e6 8. Bd2 c6 9. Ne4 Qd8 10. c3 Nbd7 11. Nf4 Nxe4 12. Bxe4 Bd6 13. Qb3 Rb8 14. 0-0-0 Bg6 15. Bxg6 hxg6 16. Nxe6 fxe6 17. Qxe6+ Qe7 18. Qxg6+ Kf8 19. Bg5 Nf6 20. Rde1 Qf7 21. Qxf7+ Kxf7 22. Bxf6 Kxf6 23. h3 Rbe8 24. Kd2 Bg3 25. Re4 g5 26. Kd3 Re7 27. Rg4 Bc7 28. h4 gxh4 29. Rhxh4 Rxh4 30. Rxh4 Rg7 31. g4 Kg6 32. Rh8 Rf7 33. Ke2 Bf4 34. Re8 Bc1 35. b3 Bb2 36. Re3 Bc1 37. Re6+ Kg5 38. c4 Rd7 39. Kd3 Bb2 40. Re4 Rf7 41. Ke2 Rd7 42. Kd3 Kh4 43. Ke3 Kg3 44. g5 Bc1+ 45. Ke2 Rg7 46. Rg4+ Kh3 47. g6 Ba3 48. Kf2 Be7 49. Rg1 Bh4+ 50. Ke3 Bg3 51. f4 Rxg6 52. Kf3 Rg4 53. Rh1+ 1-0

[Event "Sherbrooke Perpetuelles 36-40"]
[Site "Sherbrooke"]
[Date "2004.03.05"]
[Round "2"]
[White "Duclos, Alain"]
[Black "Lopez, Jose"]
[Result "0-1"]
[WhiteElo "1875"]
[BlackElo "1755"]
[PlyCount "50"]
[EventDate "2004.02.??"]
[EventType "swiss"]
[EventRounds "5"]
[EventCountry "CAN"]
[SourceTitle "EXT 2005"]
[Source "ChessBase"]
[SourceDate "2004.11.15"]
[SourceVersion "1"]
[SourceVersionDate "2004.11.15"]
[SourceQuality "1"]

1. e4 c5 2. Nf3 d6 3. d4 cxd4 4. Nxd4 Nf6 5. Nc3 a6 6. Be3 e5 7. Nb3 Be6 8. f3 Be7 9. Qd2 Nbd7 10. 0-0-0 b5 11. g4 Nb6 12. Qf2 Nc4 13. Bxc4 Bxc4 14. g5 Nd7 15. h4 Qc7 16. Kb1 a5 17. Nd5 Bxd5 18. Rxd5 a4 19. Nc1 Nc5 20. Bxc5 dxc5 21. Nd3 0-0 22. Nxe5 f6 23. Rd7 Qxe5 24. f4 Qe6 25. Rb7 Qxe4 0-1

[Event "Sherbrooke Perpetuelles 26-09"]
[Site "Sherbrooke"]
[Date "2003.10.03"]
[Round "2"]
[White "Lopez, Jose"]
[Black "Pilotte, Benoit"]
[Result "1-0"]
[WhiteElo "1664"]
[BlackElo "1649"]
[PlyCount "39"]
[EventDate "2003.09.26"]
[EventType "swiss"]
[EventRounds "5"]
[EventCountry "CAN"]
[SourceTitle "EXT 2008"]
[Source "ChessBase"]
[SourceDate "2007.11.25"]
[SourceVersion "1"]
[SourceVersionDate "2007.11.25"]
[SourceQuality "1"]

1. e4 d6 2. d4 Nf6 3. Nc3 g6 4. Nge2 Bg7 5. Ng3 0-0 6. Be2 h5 7. Bxh5 Nxh5 8. Nxh5 gxh5 9. Qxh5 f5 10. Bh6 Bxd4 11. Qg6+ Kh8 12. Bxf8 Bxc3+ 13. bxc3 Qxf8 14. 0-0-0 fxe4 15. Rd5 e5 16. Qxe4 Qxf2 17. Qg6 Qf4+ 18. Kb2 Bd7 19. Rd3 Qh4 20. Rg3 1-0